Súčasné celosvetové hospodárstvo v novej sovietskej učebnici politickej ekonómie

Recenzia na štvrtú časť novej sovietskej učebnice politickej ekonómie. Kontinuitu učebnice ako celku upevňuje spätosť medzi prvou časťou analyzujúcou všeobecné ekonomické zákony rozvoja spoločnosti a štvrtou časťou, ktorá sa zaoberá podmienkami, problémami a zákonitosťami jej zachovania a ďalšieho...

Descrizione completa

Salvato in:
Dettagli Bibliografici
Autore principale: Horvátová, Eva, 1958-
Natura: Capitolo di libro
Lingua:slovacco
Soggetti:
Tags: Aggiungi Tag
Nessun Tag, puoi essere il primo ad aggiungerne!!

MARC

LEADER 00000naa$a2200000$$$4500
001 0098171
005 20240502072102.4
041 0 |a slo 
044 |a SK 
245 1 0 |a Súčasné celosvetové hospodárstvo v novej sovietskej učebnici politickej ekonómie  |c Eva Horvátová 
520 |a Recenzia na štvrtú časť novej sovietskej učebnice politickej ekonómie. Kontinuitu učebnice ako celku upevňuje spätosť medzi prvou časťou analyzujúcou všeobecné ekonomické zákony rozvoja spoločnosti a štvrtou časťou, ktorá sa zaoberá podmienkami, problémami a zákonitosťami jej zachovania a ďalšieho vývoja v civilizačnom celosvetovom poňatí. 
610 2 0 |a recenzie 
610 2 0 |a ekonómia politická 
610 2 0 |a hospodárstvo svetové 
610 2 0 |a hospodárstvo socialistické 
100 1 |a Horvátová, Eva, 1958-